Yeni Adam haftalik fikir gazetesi : 347. sayı

Elmentve itt :
Bibliográfiai részletek
További közreműködők: Baltacıoğlu İsmayil Hakkı
Dokumentumtípus: Cikk
Megjelent: 1941
Sorozat:Yeni adam : haftalik fikir gazetesi
Kulcsszavak:Kulturális élet - Törökország - folyóirat
Tárgyszavak:
Online Access:http://misc.bibl.u-szeged.hu/65261
LEADER 00784nab a2200229 i 4500
001 misc65261
005 20240920141554.0
008 230929s1941 hu o 000 tur d
040 |a SZTE Miscellanea Repozitórium  |b hun 
041 |a tur 
245 0 0 |a Yeni Adam   |h [elektronikus dokumentum] :  |b haftalik fikir gazetesi : 347. sayı 
260 |c 1941 
300 |a 15 p. 
490 0 |a Yeni adam : haftalik fikir gazetesi 
561 |a Németh Gyula hagyaték 
591 |a NOA 6469 
650 4 |a Bölcsészettudományok 
650 4 |a Történettudomány és régészet 
650 4 |a Nyelvek és irodalom 
695 |a Kulturális élet - Törökország - folyóirat 
700 0 1 |a Baltacıoğlu İsmayil Hakkı 
856 4 0 |u http://misc.bibl.u-szeged.hu/65261/1/6469_noa.pdf  |z Dokumentum-elérés